Hodnotenie výkonnosti vybraného podniku a návrhy na jej zlepšenie bakalárska práca

Guardado en:
Detalles Bibliográficos
Autor principal: Lazúr, Samuel
Autor Corporativo: Podnikovohospodárska fakulta EU so sídlom v Košiciach. Katedra kvantitatívnych metód
Otros Autores: Bednárová, Juliána, 1996-
Formato: Libro
Lenguaje:eslovaco
Publicado: Košice 2022
Etiquetas: Agregar Etiqueta
Sin Etiquetas, Sea el primero en etiquetar este registro!

MARC

LEADER 00000nbm a2200000 4500
001 0287383
005 20230510111602.6
041 0 |a slo 
044 |a SK 
245 1 0 |a Hodnotenie výkonnosti vybraného podniku a návrhy na jej zlepšenie  |b bakalárska práca  |c Samuel Lazúr ; školiteľ: Juliána Bednárová 
264 1 |a Košice  |c 2022 
300 |a 44 s. 
100 1 |a Lazúr, Samuel 
700 1 |a Bednárová, Juliána, 1996- 
710 2 |a Podnikovohospodárska fakulta EU so sídlom v Košiciach. Katedra kvantitatívnych metód